00612 a2200181 4500003000500000005001700005020001800022040000900040082001000049100002300059245013500082260003500217300001100252650003300263942001200296999001900308952010300327Nust20170207171533.0 a9780470613030 cNust a005.8 aLigh, Michael Hale aMalware analyst’s Cookbook and DVD: tools and techniques for fighting malicious code (EBOOK)cMichael Hale Ligh and Steven Adair aIndianapolisbJohn Wileyc2011 a746 p. aMalware analyst’s Cookbook 2ddccBK c217085d217085 00102ddc40708NFICaMCSbMCSd2016-12-12l0o005.8 LIGpMCSEB-3388r2016-12-08w2016-12-12yBK